| 000 | 00335nam a2200133Ia 4500 | ||
|---|---|---|---|
| 005 | 20251222143237.0 | ||
| 008 | 251222s9999||||xx |||||||||||||| ||spa|| | ||
| 020 | _a978-88-00-86041-3 | ||
| 082 | _a458.37/D67 | ||
| 100 | _aDiadori, Pierangela | ||
| 245 | 0 | _aInsegnare Italiano a Stranieri | |
| 264 | _bFelice Le Monnier | ||
| 942 | _cLIB | ||
| 999 |
_c14447 _d14447 |
||